[Event "Vezerkepzo 7days March 2022"]
[Site "Budapest"]
[Date "2022.03.29"]
[Round "1.2"]
[White "Vantika Agrawal"]
[Black "Papp, Levente"]
[Result "1/2-1/2"]
[WhiteElo "2381"]
[BlackElo "2402"]
[Annotator "ChessBase"]
[PlyCount "168"]
[EventDate "2022.03.27"]
[EventCountry "HUN"]

1. d4 d5 2. c4 c6 3. Nf3 Nf6 4. e3 Bf5 5. Nc3 e6 6. Nh4 Be4 7. f3 Bg6 8. Qb3 Qc7 9. Bd2 Be7 10. g3 a6 11. Rc1 dxc4 12. Bxc4 b5 13. Be2 Nbd7 14. Nxg6 hxg6 15. Kf2 Qb6 16. Qc2 Rc8 17. Ne4 Nxe4+ 18. Qxe4 Nf6 19. Qd3 O-O 20. b4 e5 21. dxe5 Rfd8 22. Qc2 Nd5 23. Qe4 c5 24. a3 c4 25. Rhd1 Qe6 26. Be1 a5 27. Rb1 axb4 28. axb4 Ra8 29. Rd2 Kh7 30. Rc2 Ra3 31. Bd2 c3 32. Bc1 Ra4 33. Bxb5 Rxb4 34. Rxb4 Nxb4 35. Rxc3 Qh3 36. f4 Na2 37. Rc2 Nxc1 38. Qg2 Qh5 39. g4 Qh4+ 40. Qg3 Nb3 41. Qxh4+ Bxh4+ 42. Ke2 Kg8 43. g5 Kf8 44. Bc4 Na5 45. Ba2 Rb8 46. Bd5 Rb5 47. e4 f6 48. Rc8+ Ke7 49. gxf6+ gxf6 50. Rc7+ Kd8 51. Rh7 Rb2+ 52. Kd3 fxe5 53. Rxh4 exf4 54. Rxf4 Rxh2 55. Rf7 Rh3+ 56. Kc2 Re3 57. Ra7 Nb3 58. Bxb3 Rxe4 59. Rg7 Rg4 60. Kd3 Ke8 61. Be6 Rg5 62. Ke4 Kf8 63. Rf7+ Ke8 64. Ra7 Kf8 65. Kd4 Ke8 66. Bd5 Kf8 67. Kc5 Re5 68. Kd6 Re1 69. Rf7+ Ke8 70. Rg7 Kd8 71. Rxg6 Re2 72. Rg7 Re1 73. Ra7 Rc1 74. Rh7 Re1 75. Ra7 Rc1 76. Bb3 Rc3 77. Be6 Rd3+ 78. Bd5 Rc3 79. Rh7 Re3 80. Rd7+ Ke8 81. Rg7 Kd8 82. Bc4 Re1 83. Ra7 Rd1+ 84. Bd5 Rc1 1/2-1/2

[Event "Vezerkepzo 7days March 2022"]
[Site "Budapest"]
[Date "2022.03.29"]
[Round "1.3"]
[White "Sturt, Raven"]
[Black "Tarini Goyal"]
[Result "0-1"]
[WhiteElo "2434"]
[BlackElo "2164"]
[Annotator "ChessBase"]
[PlyCount "100"]
[EventDate "2022.03.27"]
[EventCountry "HUN"]

1. d4 Nf6 2. c4 e6 3. Nf3 d5 4. Nc3 Be7 5. Bf4 O-O 6. e3 b6 7. Bd3 dxc4 8. Bxc4 Bb7 9. O-O Nbd7 10. Qe2 Nd5 11. Nxd5 exd5 12. Bd3 c5 13. b3 Nf6 14. dxc5 bxc5 15. Rac1 Qb6 16. Rfd1 a5 17. a4 h6 18. Be5 Rfd8 19. Qc2 Bf8 20. Nd2 Qe6 21. Bg3 Re8 22. Bb5 Bc6 23. Bxc6 Qxc6 24. Nf3 Qb7 25. Be5 Ne4 26. Qd3 Rad8 27. Qb5 Rd7 28. Qd3 Re6 29. Ba1 Rb6 30. Rb1 Rd8 31. h3 Rb8 32. Be5 c4 33. Qxd5 Qxd5 34. Rxd5 Rxb3 35. Rf1 Rc8 36. Nd4 Rd3 37. Rxa5 c3 38. Rc1 Ba3 39. Rc2 f6 40. Bf4 g5 41. Bg3 Rd1+ 42. Kh2 Nd2 43. h4 g4 44. Bf4 Nf1+ 45. Kg1 Nxe3+ 46. Kh2 Nxc2 47. Nxc2 Bd6 48. Rf5 Bxf4+ 49. Rxf4 Rd2 50. Ne3 c2 0-1

[Event "Vezerkepzo 7days March 2022"]
[Site "Budapest"]
[Date "2022.03.29"]
[Round "1.4"]
[White "Park, Evan"]
[Black "Bogdanov, Egor"]
[Result "1-0"]
[WhiteElo "2296"]
[BlackElo "2427"]
[Annotator "ChessBase"]
[PlyCount "81"]
[EventDate "2022.03.27"]
[EventCountry "HUN"]

1. e4 c5 2. Nf3 e6 3. d4 cxd4 4. Nxd4 Nf6 5. Nc3 d6 6. g4 h6 7. h4 Nc6 8. Nxc6 bxc6 9. Qf3 Be7 10. Be3 Rb8 11. O-O-O Qa5 12. Bc4 d5 13. Bb3 Nd7 14. exd5 cxd5 15. Bd4 Bf6 16. Bxf6 Nxf6 17. g5 Nd7 18. Rhe1 Bb7 19. Ba4 Rd8 20. gxh6 Rxh6 21. Qg3 Kf8 22. Rg1 Rh7 23. Qd6+ Kg8 24. Bxd7 Bc8 25. Qe5 Bxd7 26. Ne4 Kh8 27. Ng5 f6 28. Nf7+ Kg8 29. Qxf6 Rc8 30. Nh6+ Kh8 31. Nf7+ Kg8 32. Ne5 Rf8 33. Qe7 Qd8 34. Qxd7 Qxd7 35. Nxd7 Rxf2 36. Rd4 Rh5 37. Re1 Kf7 38. Ne5+ Ke7 39. Nd3 Rh2 40. Nf4 Rf5 41. Nxd5+ 1-0

[Event "Vezerkepzo 7days March 2022"]
[Site "Budapest"]
[Date "2022.03.29"]
[Round "1.5"]
[White "Ilincic, Zlatko"]
[Black "Ajay Krishna, S."]
[Result "0-1"]
[WhiteElo "2331"]
[BlackElo "2399"]
[Annotator "ChessBase"]
[PlyCount "114"]
[EventDate "2022.03.27"]
[EventCountry "HUN"]

1. d4 d5 2. c4 e6 3. Nf3 Nf6 4. g3 Bb4+ 5. Nbd2 dxc4 6. Qc2 b5 7. Bg2 Bb7 8. O-O O-O 9. a4 a6 10. Rd1 Nbd7 11. e4 c5 12. e5 Nd5 13. Ne4 Qb6 14. dxc5 Nxc5 15. Nxc5 Bxc5 16. Ng5 g6 17. Ne4 f5 18. Nxc5 Qxc5 19. Bh6 Rfd8 20. Qd2 Qc7 21. axb5 axb5 22. Rxa8 Rxa8 23. Qd4 Ra4 24. Bxd5 Bxd5 25. Qh4 Ra8 26. Qf6 Qf7 27. Qh4 b4 28. Kf1 Qb7 29. Qf6 Re8 30. h4 Bg2+ 31. Kg1 Bd5 32. Kf1 Ra8 33. Ke1 Qf7 34. Qg5 Rb8 35. Rb1 Bf3 36. Ra1 c3 37. bxc3 b3 38. Rb1 Qc7 39. Qe3 Be4 40. Rb2 Qxe5 41. Qd4 Qxd4 42. cxd4 Bc2 43. Kd2 Rc8 44. Ke3 Kf7 45. Kf4 Ra8 46. Kf3 Ke7 47. Bf4 Kd7 48. Be3 Kc6 49. Kf4 Kd5 50. Kg5 Kc4 51. Kh6 Kc3 52. Rxb3+ Kxb3 53. Kxh7 Kc4 54. Bf4 Kxd4 55. Kxg6 e5 56. Be3+ Ke4 57. h5 f4 0-1

[Event "Vezerkepzo 7days March 2022"]
[Site "Budapest"]
[Date "2022.03.29"]
[Round "2.2"]
[White "Bogdanov, Egor"]
[Black "Ilincic, Zlatko"]
[Result "1-0"]
[WhiteElo "2427"]
[BlackElo "2331"]
[Annotator "ChessBase"]
[PlyCount "63"]
[EventDate "2022.03.27"]
[EventCountry "HUN"]

1. e4 e5 2. Nf3 Nf6 3. d4 Nxe4 4. Bd3 d5 5. Nxe5 Nf6 6. O-O Be7 7. c4 O-O 8. Nc3 Nc6 9. Nxc6 bxc6 10. c5 Bg4 11. Qc2 Bh5 12. Bg5 Bg6 13. Rae1 Re8 14. Re2 Qd7 15. Rfe1 Kf8 16. Bxg6 hxg6 17. Qa4 a5 18. Kf1 Rab8 19. a3 Ra8 20. Re5 Rad8 21. h3 Ng8 22. Bf4 g5 23. Bh2 g4 24. hxg4 Qxg4 25. Qxc6 Qxd4 26. Nxd5 Qxb2 27. Nxc7 Rc8 28. R5e2 Qxa3 29. Bd6 Qd3 30. Kg1 Qg6 31. Qd7 Red8 32. Rxe7 1-0

[Event "Vezerkepzo 7days March 2022"]
[Site "Budapest"]
[Date "2022.03.29"]
[Round "2.3"]
[White "Tarini Goyal"]
[Black "Park, Evan"]
[Result "0-1"]
[WhiteElo "2164"]
[BlackElo "2296"]
[Annotator "TA"]
[PlyCount "120"]
[EventDate "2022.03.27"]
[EventCountry "HUN"]

{[%evp 63,120,-126,0,0,0,0,0,-134,-127,-115,-115,-697,-682,-686,-627,-633,-603,-603,-570,-548,-500,-727,-717,-688,-656,-611,-527,-12840,-12841,-12841,-12841,-12844,-12844,-12849,-12843,-12843,-12831,-12843,-12834,-1483,-10060,-12845,-1704,-12841,-12841,-12841,-12842,-12842,-12843,-12846,-12847,-12849,-12849,-27999,-27999,-27999,-27999,-27999,-27999]} 1. d4 Nf6 2. g3 e6 3. Bg2 d5 4. c4 Bb4+ 5. Bd2 a5 6. Nf3 O-O 7. O-O dxc4 8. Qc2 Bxd2 9. Nbxd2 b5 10. a4 c6 11. Ne5 Nd5 12. Rfd1 f6 13. Nef3 Nd7 14. Ne4 f5 15. Ned2 Ba6 16. e4 Nb4 17. Qb1 Rb8 18. axb5 cxb5 19. h4 h6 20. exf5 exf5 21. Bh3 Nd3 22. Ne1 Nxe1 23. Rxe1 Nf6 24. Nf3 Bb7 25. Qxf5 Bc8 26. Re6 Rb6 27. Rae1 Bxe6 28. Rxe6 Re8 29. Qe5 Rexe6 30. Bxe6+ Kh8 31. Qf5 Rxe6 32. Qxe6 Qd5 (32... Qd7 $1 $17 {[%cal Rd7e6]} 33. Qxd7 Nxd7) 33. Qc8+ $1 $11 Kh7 34. Ne5 Qe4 (34... Qxd4 $5 35. Qf5+ Kh8 $11) 35. Qe6 {[#]} (35. h5 $11 {remains equal.}) 35... a4 $1 $17 ({Much weaker is} 35... Qxd4 $6 36. Qf5+ Kh8 37. Qc8+ Kh7 38. Qf5+ Kh8 39. Qc8+ Kh7 40. Qf5+ $11) 36. Qc8 {[#]} b4 $1 ({Much worse is} 36... Qxd4 $6 37. Qf5+ Kh8 38. Qc8+ Kh7 39. Qf5+ Kh8 40. Qc8+ Kh7 $11) (36... Qb1+ 37. Kg2) 37. Qxc4 $2 {[%mdl 8192]} (37. Nxc4 $17 Qc2 38. Qe6) 37... a3 $19 38. bxa3 Qb1+ 39. Kg2 bxa3 40. h5 Nxh5 41. Nd7 Qb7+ 42. Kh2 Qxd7 43. Qd3+ Kg8 44. Qxa3 Qxd4 45. Qa8+ Kh7 46. Qf3 Nf6 47. Qf5+ g6 48. Qf3 h5 49. Kg1 Kh6 50. Kf1 Qa1+ 51. Kg2 Qe5 52. Kf1 g5 53. Kg1 Qe1+ 54. Kh2 Kg6 55. Qd3+ Qe4 56. Qd6 h4 57. gxh4 Qf4+ 58. Qxf4 gxf4 59. Kg2 Kf5 60. Kf3 Nh5 0-1

[Event "Vezerkepzo 7days March 2022"]
[Site "Budapest"]
[Date "2022.03.29"]
[Round "2.4"]
[White "Papp, Levente"]
[Black "Sturt, Raven"]
[Result "0-1"]
[WhiteElo "2402"]
[BlackElo "2434"]
[Annotator "ChessBase"]
[PlyCount "132"]
[EventDate "2022.03.27"]
[EventCountry "HUN"]

1. c4 c6 2. e4 d5 3. exd5 cxd5 4. d4 Nf6 5. Nc3 g6 6. Qb3 Bg7 7. cxd5 O-O 8. Be2 Na6 9. Bf3 Qb6 10. Nge2 Rd8 11. O-O Qxb3 12. axb3 Nc7 13. Ra5 b6 14. Bf4 bxa5 15. Bxc7 Rd7 16. d6 exd6 17. Bxa8 Rxc7 18. Ra1 Ba6 19. Nf4 Bh6 20. Nfd5 Nxd5 21. Bxd5 Bd3 22. g3 Bd2 23. Kg2 Bxc3 24. bxc3 Rxc3 25. Rxa5 a6 26. b4 Kg7 27. Ra1 Kf6 28. Re1 Bc4 29. Bxc4 Rxc4 30. Ra1 Rxb4 31. Rxa6 Rxd4 32. Kf3 Ke5 33. Ra7 Ke6 34. h4 h5 35. Ke3 Rb4 36. Rc7 Rb8 37. Ra7 Rd8 38. Kd4 Rd7 39. Ra6 Rb7 40. Ke4 Rb5 41. Ke3 Ke5 42. Ra7 Rb3+ 43. Ke2 Ke6 44. Kd2 d5 45. Ke2 f6 46. Rg7 Kf5 47. Rd7 Ke4 48. Re7+ Kf5 49. Rd7 Rb5 50. Kf3 Ke5 51. Re7+ Kd4 52. Re6 g5 53. Rxf6 g4+ 54. Kf4 Kc4 55. Rh6 d4 56. Ke4 Kc3 57. Rc6+ Kd2 58. Kxd4 Ke2 59. Rf6 Rb4+ 60. Ke5 Rb3 61. Rc6 Rf3 62. Rh6 Kxf2 63. Rxh5 Kxg3 64. Rh7 Kh2 65. Ke4 Rf8 66. h5 g3 0-1

[Event "Vezerkepzo 7days March 2022"]
[Site "Budapest"]
[Date "2022.03.29"]
[Round "2.5"]
[White "Aczel, Gergely"]
[Black "Vantika Agrawal"]
[Result "1-0"]
[WhiteElo "2545"]
[BlackElo "2381"]
[Annotator "ChessBase"]
[PlyCount "109"]
[EventDate "2022.03.27"]
[EventCountry "HUN"]

1. d4 Nf6 2. c4 e6 3. Nc3 d5 4. cxd5 Nxd5 5. e4 Nxc3 6. bxc3 c5 7. Nf3 cxd4 8. cxd4 Bb4+ 9. Bd2 Bxd2+ 10. Qxd2 O-O 11. Bc4 Nd7 12. O-O b6 13. a4 Bb7 14. Rfe1 Nf6 15. Bd3 h6 16. h3 Qc7 17. Rac1 Qe7 18. a5 bxa5 19. Qxa5 Qd8 20. Qb4 Qb6 21. Rb1 Qxb4 22. Rxb4 Bc6 23. Ne5 a5 24. Rb6 Be8 25. Rd6 Ba4 26. Ra1 Bb3 27. f3 a4 28. Kf2 Rfd8 29. Rxd8+ Rxd8 30. Ke3 Nd7 31. Nc6 Ra8 32. Bb5 Kf8 33. Kd3 Nb8 34. Ne5 f6 35. Nc4 Ra7 36. Nd2 Rb7 37. Bxa4 Bxa4 38. Rxa4 Nc6 39. Kc3 e5 40. d5 Nd4 41. Kd3 g5 42. g3 Ke7 43. Ra3 h5 44. h4 gxh4 45. gxh4 Kf7 46. Ra8 Nb3 47. Nxb3 Rxb3+ 48. Kc4 Rxf3 49. Ra7+ Kg6 50. d6 Re3 51. Kd5 f5 52. d7 Rd3+ 53. Kxe5 fxe4 54. Ra6+ Kf7 55. Rd6 1-0

[Event "Vezerkepzo 7days March 2022"]
[Site "Budapest"]
[Date "2022.03.29"]
[Round "3.1"]
[White "Vantika Agrawal"]
[Black "Plat, Vojtech"]
[Result "0-1"]
[WhiteElo "2381"]
[BlackElo "2554"]
[Annotator "TA"]
[PlyCount "134"]
[EventDate "2022.03.27"]
[EventCountry "HUN"]
[SourceTitle "playchess.com"]
[Source "ChessBase"]
[SourceQuality "1"]

{[%evp 14,134,31,32,57,32,49,31,54,49,64,47,48,42,85,35,28,0,10,0,16,14,6,-9,12,5,12,0,0,0,6,0,0,0,12,0,0,0,0,0,0,0,0,0,0,0,22,0,0,-26,-29,-44,-56,-56,-60,-98,-37,-53,-29,-99,-38,-38,-28,-40,-56,-121,-141,-289,-286,-502,-440,-600,-554,-832,-865,-861,-455,-487,-487,-483,-479,-456,-450,-390,-381,-12820,-12826,-12822,-12822,-5900,-5777,-1855,-1783,-12837,-12838,-12838,-12838,-12836,-12838,-12841,-12841,-12841,-12841,-12842,-12842,-29986,-29987,-29987,-29988,-29988,-29989,-29990,-12843,-29983,-29982,-29982,-29983,-29983,-29984,-29986,-29986,-29986,-29984]} 1. d4 g6 2. c4 Bg7 3. Nf3 d6 4. g3 Nd7 5. Bg2 e5 6. O-O Ne7 7. Nc3 O-O 8. e3 Nf5 {A41: 1 d4 d6: Tartakower System and Modern Defence.} 9. b3 exd4 10. Nxd4 Nc5 {White is slightly better.} 11. Nde2 {[#]} a5 $146 ({Predecessor:} 11... Re8 12. Ba3 Ne6 13. Qd3 Rb8 14. Rad1 b6 15. Rd2 Bd7 16. Bb2 h5 17. Qc2 h4 {½-½ (39) Hansen,V-Nielsen,A Nykobing 1961}) 12. Rb1 Re8 13. Qd2 Nh6 (13... Ne7 $14 {feels stronger.}) 14. Nd4 ({White should try} 14. Ba3 $16) 14... Ng4 $14 15. Bb2 Ne5 16. Nd5 c6 17. Nf4 a4 18. Bc3 axb3 19. axb3 Bd7 20. h3 f5 21. Qc2 {Inhibits Ne4.} Qe7 22. Ba1 Ne4 23. Nfe2 h5 24. Nf3 {To avoid h4} Nxf3+ 25. Bxf3 h4 (25... Ng5 $5 26. Bg2 f4 27. Nxf4 (27. Qxg6 f3 $19) 27... Bf5 $11) 26. Bxg7 Kxg7 27. Bxe4 fxe4 28. g4 Rf8 $1 29. Kg2 Rae8 30. Qb2+ Kh7 31. Ng1 Rf6 32. Ra1 Ref8 33. Ra7 Bc8 34. Raa1 g5 (34... Be6 $17 35. Rac1 d5 36. cxd5 Bxd5) 35. Qc2 Kg8 36. Qd1 (36. Rad1 $11 {remains equal.}) 36... Qe5 {Black is more active.} ({Better is} 36... Qf7 $17 {[%cal Rf6f2]} 37. Kh1 Be6) 37. Ra2 $15 b5 38. cxb5 Qxb5 39. Qd4 ({White should play} 39. Ne2 $1 $15) 39... Qxb3 $17 ({Not} 39... Ba6 40. Rc1 $11 (40. Rfa1 Qb8 $17)) 40. Ra5 {Loses the game.} (40. Ra7 $17 {was necessary.}) 40... c5 $19 {[%cal Bc6c5,Bc5c4][%mdl 32] Chess con chili.} ({Inferior is} 40... d5 41. Qe5 Rg6 42. Ra7 $11) 41. Qd2 (41. Qa1) 41... Qd3 42. Qb2 Ba6 43. Rxa6 Qxa6 44. Qb3+ c4 45. Qc2 d5 46. Qd2 Qd6 {[%cal Oc4c3] aiming for ...c3!} 47. Ne2 Rf3 48. Ng1 c3 49. Qxc3 {[#]} (49. Qa2 R3f7 50. Ne2) 49... Rxf2+ $1 {[%mdl 512]} 50. Rxf2 Qg3+ 51. Kh1 Rxf2 {[%csl Gg3][%cal Rf2h2][%mdl 4096] Endgame KQR-KQN} 52. Qc8+ {[#]} Kg7 $1 {[%csl Gg3][%cal Rf2h2]} 53. Qd7+ {[#]} Rf7 $1 54. Qxd5 Qxe3 55. Qe5+ Kh7 56. Qd5 Qf4 57. Qd4 e3 58. Qd3+ Kg7 {( -> ...Qe5)} 59. Qc3+ Rf6 60. Qd3 Qe5 61. Qd7+ Kh6 62. Qd3 Rd6 (62... Qe6 $142 63. Qe2 Rf2 64. Qf3 Rxf3 65. Nxf3 Qe4 66. Kg2 Qc6 67. Kh2 Qxf3 68. Kg1 e2 69. Kh2 Qg3+ 70. Kh1 e1=Q#) 63. Qc4 Rd2 {[%csl Ge5][%cal Rd2h2] Black mates.} 64. Qc6+ Qd6 65. Qxd6+ Rxd6 66. Kg2 Rf6 67. Nf3 e2 {Weighted Error Value: White=0.55/Black=0.16 (very precise)} 0-1

[Event "Vezerkepzo 7days March 2022"]
[Site "Budapest"]
[Date "2022.03.29"]
[Round "3.3"]
[White "Park, Evan"]
[Black "Papp, Levente"]
[Result "1-0"]
[WhiteElo "2296"]
[BlackElo "2402"]
[Annotator "ChessBase"]
[PlyCount "81"]
[EventDate "2022.03.27"]
[EventCountry "HUN"]
[SourceTitle "playchess.com"]
[Source "ChessBase"]
[SourceQuality "1"]

1. e4 e6 2. d4 d5 3. Nc3 Bb4 4. e5 Ne7 5. a3 Bxc3+ 6. bxc3 c5 7. h4 Qc7 8. h5 h6 9. Rb1 b6 10. Qg4 cxd4 11. Qxg7 Rg8 12. Qxh6 Ba6 13. Nf3 Bxf1 14. Kxf1 Qc4+ 15. Kg1 dxc3 16. Bg5 Nbc6 17. Re1 Kd7 18. Rh4 Qa2 19. Bxe7 Nxe7 20. Nd4 Rh8 21. Qf4 Rh7 22. Qf3 Qxa3 23. Rf4 Qc5 24. Nb3 Qc7 25. Rxf7 Rxf7 26. Qxf7 Qc4 27. f4 a5 28. f5 exf5 29. Qf6 a4 30. e6+ Kd6 31. Qe5+ Kc6 32. Nd4+ Kb7 33. h6 Qc7 34. Qf6 Ka6 35. h7 Qg3 36. Re2 Ng6 37. Nxf5 Qg4 38. Rf2 Nf4 39. h8=Q Rxh8 40. Qxh8 Qxf5 41. e7 1-0

[Event "Vezerkepzo 7days March 2022"]
[Site "Budapest"]
[Date "2022.03.29"]
[Round "3.4"]
[White "Ilincic, Zlatko"]
[Black "Tarini Goyal"]
[Result "1/2-1/2"]
[WhiteElo "2331"]
[BlackElo "2164"]
[Annotator "TA"]
[PlyCount "66"]
[EventDate "2022.03.27"]
[EventCountry "HUN"]
[SourceTitle "playchess.com"]
[Source "ChessBase"]
[SourceQuality "1"]

{[%evp 21,66,0,25,0,0,2,50,43,85,45,58,42,52,46,56,33,45,16,0,4,44,16,32,31,34,19,28,35,38,24,71,100,150,141,106,0,0,0,0,0,0,0,0,0,0,0,0]} 1. d4 d5 2. c4 e6 3. Nf3 Nf6 4. g3 Bb4+ 5. Bd2 Be7 6. Bg2 O-O 7. O-O c6 8. Qc2 Nbd7 9. Bf4 Ne4 10. Nc3 f5 11. Ne5 g5 12. Nxd7 (12. Bxe4 gxf4 13. Nxd7 Qxd7 $11) 12... Bxd7 13. Be5 Be8 (13... Nd6 $11 {deserves consideration.}) 14. Nxe4 $14 fxe4 15. f3 exf3 16. exf3 Bg6 17. Qe2 Qd7 18. Rac1 Rae8 19. Rc3 dxc4 20. Qxc4 Bd8 21. Qe2 Bb6 22. Rd1 Rd8 23. f4 c5 24. d5 exd5 25. Rxd5 c4+ (25... Qe6 $11 {is superior.} 26. Rxd8 Rxd8) 26. Kh1 $16 Qxd5 (26... Qf5 $142 27. Rc1 (27. Qxc4 Bf7 $14) 27... Bf7) 27. Bxd5+ $16 Rxd5 {[#]} 28. Rxc4 (28. Qxc4 Bf7 29. Qe2 Rfd8 $19) (28. Kg2 $1 $16) 28... Bd3 $11 29. Qg4 Rxe5 $1 30. fxe5 Rf1+ 31. Kg2 Rf2+ 32. Kh1 Rf1+ 33. Kg2 Rf2+ 1/2-1/2

[Event "Vezerkepzo 7days March 2022"]
[Site "Budapest"]
[Date "2022.03.29"]
[Round "3.5"]
[White "Ajay Krishna, S."]
[Black "Bogdanov, Egor"]
[Result "1-0"]
[WhiteElo "2399"]
[BlackElo "2427"]
[Annotator "TA"]
[PlyCount "117"]
[EventDate "2022.03.27"]
[EventCountry "HUN"]
[SourceTitle "playchess.com"]
[Source "ChessBase"]
[SourceQuality "1"]

{[%evp 17,117,33,40,43,77,70,68,71,67,67,58,47,73,71,69,80,78,64,89,81,81,83,101,81,102,95,159,145,174,168,162,164,168,162,169,150,129,140,230,209,209,222,205,211,200,163,271,212,397,351,381,381,358,368,392,385,491,487,472,478,577,562,570,562,582,571,926,910,887,835,1157,1157,1044,991,4890,4597,4459,4289,2402,1743,29980,29973,29972,29973,29971,29969,29968,29970,29978,29979,29980,29980,29986,29986,29988,29989,29990,29991,29991,29989,29989,29990]} 1. d4 Nf6 2. c4 g6 3. Nf3 Bg7 4. g3 O-O 5. Bg2 d6 6. Nc3 Nc6 7. O-O Bf5 8. d5 Na5 9. Nd2 {9.b3 is setting a new trend.} c6 10. b4 {[%cal Bb2b4,Bb4a5,Ba5a6][%mdl 32] E62: King's Indian: Fianchetto: 6...c6 and Panno Variation (6...Nc6) without ...a6.} Nxd5 11. cxd5 {Threatens to win with Bb2.} Bxc3 {[#]} 12. e4 $1 {White is slightly better.} Bxe4 {[#]} 13. Nxe4 Bxa1 14. bxa5 {[%cal Oa5a6]} Bg7 15. a6 $1 {[%mdl 1024] White has strong compensation.} c5 16. axb7 Rb8 17. Nd2 {White is much more active. Black has bad knights.} ({Reject} 17. Qb3 $6 Qd7 $11) 17... Qa5 18. Qe2 $36 {[%mdl 2048] White is on the roll.} Rxb7 19. Nc4 Qc3 20. Be3 Rfb8 {[#]} 21. Be4 $1 {[#]} Rd7 $146 (21... Bd4 $142) ({Predecessor:} 21... f5 22. Bd3 Rb2 23. Bd2 Rxd2 24. Nxd2 Rb2 25. Qe6+ Kf8 26. Nc4 Qxd3 27. Re1 Be5 28. Nxb2 {1-0 (52) Kononenko,D (2265)-Bogdanov,E (2409) Stockholm 2019}) 22. h4 f5 23. Bd3 Qf6 24. Bc1 Kh8 25. h5 Qf7 26. hxg6 hxg6 27. Qf3 e5 (27... Bf6 $16) 28. dxe6 $1 $18 Qxe6 29. Qh1+ Kg8 30. Qc6 Rdd8 31. Bf4 Bf8 (31... Bd4 $142 32. Rc1 (32. Nxd6 Rb6 $11) 32... Qd7 33. Qd5+ (33. Qxd6 Qxd6 34. Bxd6 Rb4 $16) 33... Qf7 34. Qxf7+ Kxf7) 32. Rd1 Qd7 $2 {[#]} (32... Rb4 {keeps fighting.}) 33. Ne5 $1 {[%mdl 512]} Qb7 34. Qxb7 {Chess con chili.} Rxb7 35. Nxg6 d5 36. Bxf5 Bg7 37. Be6+ Kh7 38. Ne5 d4 39. Kg2 Bxe5 40. Bxe5 {This bishop pair is nice.} Kg6 41. f4 {[%cal Bf2f4,Bf4f5][%mdl 32] Black must now prevent Rh1.} d3 42. Kf3 {Hoping for g4.} d2 43. Ke3 Rb6 44. f5+ Kg5 45. Bc7 Rxe6+ 46. fxe6 {[%mdl 4096] Endgame KRB-KR} Re8 47. Rxd2 {Bd8+ would kill now.} Rxe6+ 48. Kf3 {White threatens Rd5+ and mate.} Ra6 49. Bf4+ {White mates.} Kf5 50. g4+ {[%cal Bg3g4,Bg4g5][%mdl 32]} Ke6 51. g5 c4 52. Kg4 c3 53. Re2+ Kf7 54. Kf5 Rb6 55. Rc2 Rb2 56. Rxc3 Rxa2 57. Rc7+ Kg8 58. Rc8+ Kg7 59. Be5+ {Weighted Error Value: White=0.07 (flawless) /Black=0.38} 1-0

[Event "Vezerkepzo 7days March 2022"]
[Site "Budapest"]
[Date "2022.03.29"]
[Round "4.1"]
[White "Plat, Vojtech"]
[Black "Bogdanov, Egor"]
[Result "1/2-1/2"]
[WhiteElo "2554"]
[BlackElo "2427"]
[Annotator "ChessBase"]
[PlyCount "49"]
[EventDate "2022.03.27"]
[EventCountry "HUN"]
[SourceTitle "playchess.com"]
[Source "ChessBase"]
[SourceQuality "1"]

1. d4 Nf6 2. c4 g6 3. g3 Bg7 4. Bg2 O-O 5. Nc3 d6 6. Nf3 Nc6 7. O-O Bf5 8. Re1 Ne4 9. Nd5 Bd7 10. Be3 e6 11. Nf4 f5 12. d5 e5 13. dxc6 exf4 14. Bxf4 Bxc6 15. Qc1 Qf6 16. Rb1 a5 17. Be3 b6 18. Bd4 Qe7 19. b3 Rae8 20. Qb2 Nc5 21. Bxg7 Qxg7 22. Qxg7+ Kxg7 23. Nd4 Bxg2 24. Kxg2 f4 25. f3 1/2-1/2

[Event "Vezerkepzo 7days March 2022"]
[Site "Budapest"]
[Date "2022.03.29"]
[Round "4.2"]
[White "Tarini Goyal"]
[Black "Ajay Krishna, S."]
[Result "1/2-1/2"]
[WhiteElo "2164"]
[BlackElo "2399"]
[Annotator "NA"]
[PlyCount "120"]
[EventDate "2022.03.27"]
[EventCountry "HUN"]
[SourceTitle "playchess.com"]
[Source "ChessBase"]
[SourceQuality "1"]

1. d4 d5 2. Nf3 e6 3. e3 Nf6 4. Bd3 c5 5. b3 Nbd7 6. O-O Be7 7. Bb2 O-O 8. Nbd2 b6 9. c4 Bb7 10. Qe2 a5 11. a4 Ne4 12. h3 f5 13. cxd5 exd5 14. Bb5 Bd6 15. Ne5 Bxe5 16. dxe5 Qe7 17. Bxd7 Qxd7 18. Rfd1 Ba6 19. Qe1 Bd3 20. Rac1 Qe7 21. f3 Ng5 22. Qh4 Rfe8 23. f4 Ne6 24. Qxe7 Rxe7 25. Nf3 Be4 26. Nd2 Rd8 27. Nxe4 dxe4 28. Rxd8+ Nxd8 29. Rd1 Nb7 30. g4 g6 31. Rd5 Kf7 32. gxf5 gxf5 33. e6+ Kg6 34. Be5 c4 35. bxc4 Rxe6 36. Rd7 Nc5 37. Rg7+ Kh6 38. Bd4 Nb3 39. Rd7 Rc6 40. Rd5 Kg6 41. Kf2 Rxc4 42. Bxb6 Rxa4 43. Rd6+ Kf7 44. Rd5 Kf6 45. Bd8+ Ke6 46. Re5+ Kd7 47. Rd5+ Kc8 48. Bf6 Ra2+ 49. Ke1 Rh2 50. h4 a4 51. Rxf5 Kd7 52. Rb5 Ke6 53. Bh8 Rxh4 54. Re5+ Kd6 55. Rxe4 Nc5 56. Re8 Rh2 57. f5 Kd7 58. Ra8 Rh5 59. Bd4 Rxf5 60. Bxc5 Rxc5 1/2-1/2

[Event "Vezerkepzo 7days March 2022"]
[Site "Budapest"]
[Date "2022.03.29"]
[Round "4.3"]
[White "Papp, Levente"]
[Black "Ilincic, Zlatko"]
[Result "1/2-1/2"]
[WhiteElo "2402"]
[BlackElo "2331"]
[Annotator "NA"]
[PlyCount "58"]
[EventDate "2022.03.27"]
[EventCountry "HUN"]
[SourceTitle "playchess.com"]
[Source "ChessBase"]
[SourceQuality "1"]

1. c4 e5 2. g3 Nf6 3. Bg2 c6 4. Nf3 e4 5. Nd4 d5 6. d3 exd3 7. exd3 dxc4 8. dxc4 Bc5 9. Qe2+ Qe7 10. Qxe7+ Kxe7 11. Nb3 Bb4+ 12. Bd2 a5 13. O-O Rd8 14. Rd1 Be6 15. Bxb4+ axb4 16. Rxd8 Kxd8 17. N1d2 Nbd7 18. Bf1 Kc7 19. f3 Kb6 20. Kf2 Nc5 21. Nxc5 Kxc5 22. Ke3 Kb6 23. a4 bxa3 24. Rxa3 Rxa3+ 25. bxa3 Nd7 26. Kd4 Ka5 27. Kc3 Ka4 28. Kb2 Nc5 29. Be2 Ka5 1/2-1/2

[Event "Vezerkepzo 7days March 2022"]
[Site "Budapest"]
[Date "2022.03.29"]
[Round "4.4"]
[White "Aczel, Gergely"]
[Black "Park, Evan"]
[Result "1-0"]
[WhiteElo "2545"]
[BlackElo "2296"]
[Annotator "ChessBase"]
[PlyCount "131"]
[EventDate "2022.03.27"]
[EventCountry "HUN"]
[SourceTitle "playchess.com"]
[Source "ChessBase"]
[SourceQuality "1"]

1. d4 Nf6 2. c4 g6 3. f3 e6 4. Bg5 h6 5. Bh4 c5 6. d5 exd5 7. cxd5 d6 8. e4 Bg7 9. Ne2 O-O 10. Nec3 a6 11. a4 Re8 12. Be2 Nbd7 13. Nd2 g5 14. Bg3 Ne5 15. f4 Neg4 16. Nc4 Nxe4 17. Nxe4 Rxe4 18. O-O gxf4 19. Bxf4 Bd4+ 20. Kh1 Nf2+ 21. Rxf2 Bxf2 22. Qd2 Bf5 23. Bf1 Bh4 24. Nxd6 Rd4 25. Qe3 Rxd5 26. Nxb7 Qb6 27. Nd6 Rxd6 28. Bxd6 Qxd6 29. Qf3 Rb8 30. Qxf5 Bf6 31. Bc4 Qe5 32. Qg6+ Bg7 33. Rf1 Kh8 34. Rxf7 Qg5 35. Qxg5 hxg5 36. b3 Bd4 37. g3 a5 38. Rf5 Kg7 39. Rxg5+ Kf6 40. Rh5 Re8 41. Kg2 Re1 42. Kf3 Kg6 43. Rd5 Re8 44. Kf4 Rf8+ 45. Kg4 Rf2 46. h4 Rg2 47. Rg5+ Kf6 48. Rf5+ Kg6 49. Rf3 Be5 50. Re3 Kf6 51. Bd5 Rg1 52. Rf3+ Kg7 53. Kh3 Rd1 54. Bc4 Re1 55. Bf1 Kh6 56. Bg2 Re2 57. g4 Kg6 58. g5 Rd2 59. Re3 Kf5 60. g6 Rd4 61. Rxe5+ Kxe5 62. g7 Rd8 63. h5 Kf6 64. h6 Kf7 65. Bf1 Rd6 66. Bc4+ 1-0